The Gribov theory of quark confinement

Includes bibliographical references.; This volume collects his papers on quark confinement, showing the road he followed to arrive at the theory and formulating the theory itself. It begins with papers providing a physical explanation of asymptotic freedom based on the phenomenon of anti-screening a...

Cijeli opis

Spremljeno u:
Bibliografski detalji
Glavni autor: Nyiri, J
Daljnji autori: Gribov, V. N
Format: Knjiga
Jezik:Undetermined
Izdano: New Jersey World scientific 2001
Teme:
Online pristup:http://lrc.tdmu.edu.vn/opac/search/detail.asp?aID=2&ID=33320
Oznake: Dodaj oznaku
Bez oznaka, Budi prvi tko označuje ovaj zapis!
Thư viện lưu trữ: Trung tâm Học liệu Trường Đại học Thủ Dầu Một
LEADER 01253nam a2200217Ia 4500
001 TDMU_33320
008 210410s9999 xx 000 0 und d
082 |a 428.3 
090 |b N606 
100 |a Nyiri, J 
245 4 |a The Gribov theory of quark confinement 
245 0 |c editor, J. Nyiri 
260 |a New Jersey 
260 |b World scientific 
260 |c 2001 
300 |a viii, 296 pages 
520 |a Includes bibliographical references.; This volume collects his papers on quark confinement, showing the road he followed to arrive at the theory and formulating the theory itself. It begins with papers providing a physical explanation of asymptotic freedom based on the phenomenon of anti-screening and demonstrating the inconsistency of the standard perturbative treatment of the gluon fields (Gribov copies, Gribov horizon). It continues with papers presenting the Gribov theory according to which confinement of colour is determined by the existence of practically massless quarks. 
650 |a Quark confinement; Sự giảm quac; Gribov, V. N.  |q (Vladimir N.) 
700 |a Gribov, V. N 
856 |u http://lrc.tdmu.edu.vn/opac/search/detail.asp?aID=2&ID=33320 
980 |a Trung tâm Học liệu Trường Đại học Thủ Dầu Một